Statystyki dla Nazwij pasujące państwo #1

Kliknij tutaj aby rozwiązać quiz!

Ogólne statystyki

  • Ten quiz został rozwiązany 25 691 razy
  • Średni wynik to 12 z 20

Statystyki odpowiedzi

Nazwij państwo...Państwo% Poprawnych
z ziemami na równiku:Brazylia | Kolumbia | Demokratyczna Republika Konga | Ekwador | Gabon | Indonezja | Kenia | Wyspy Świętego Tomasza i Książeca | Somalia | Uganda
88%
całkowicie otoczone przez inne państwo:Lesotho | San Marino | Watykan
88%
leżące nad Morzem Czarnym:Bułgaria | Gruzja | Rumunia | Rosja | Turcja | Ukraina
83%
graniczące tylko z Chinami i Indiami:Bhutan | Nepal
81%
którego flaga zawiera tylko żółty i niebieski:Ukraina | Szwecja | Kazachstan | Palau
80%
o średniej wysokości ponad 3000m.n.p.m.:Bhutan | Nepal | Tadżykistan
72%
uważane przez USA za główne źródło terroryzmu:Iran | Korea Północna | Kuba | Syria
72%
leżące nad Morzem Czerwonym:Dżibuti | Egipt | Erytrea | Izrael | Jordania | Arabia Saudyjska | Sudan | Jemen
71%
którego flaga zawiera tylko biały i niebieski:Grecja | Finlandia | Mikronezja | Honduras | Izrael | Somalia
68%
w którym rośnie więcej niż 600 000 ton kawy:Brazylia | Wietnam | Kolumbia | Indonezja
65%
leżące nad Jeziorem Wiktorii:Kenia | Tanzania | Uganda
58%
na wyspie Borneo:Brunei | Indonezja | Malezja
57%
które graniczy z Wybrzeżem Kości Słoniowej:Burkina Faso | Ghana | Gwinea | Liberia | Mali
57%
mające średnio mniej niż 6cm opadów rocznie:Egipt | Libia | Arabia Saudyjska
55%
które jest uznawane przez JetPunk, lecz nie przez ONZ:Kosowo | Tajwan
54%
z "x" w jego angielskiej nazwie:Luksemburg | Meksyk
48%
które było kolonią i uzyskało niepodległość od Holandii:Indonezja | Surinam
44%
którego stolica zaczyna się na "J":Izrael | Kamerun | Wybrzeże Kości Słoniowej
38%
w którym nikt nie mieszkał w roku 600:Bahamy | Republika Zielonego Przylądka | Islandia | Mauritius | Nowa Zelandia | Wyspy Świętego Tomasza i Książeca | Seszele
36%
którego populacja spadła o ponad milion mieszkańców od 2000 roku:Bułgaria | Japonia | Rosja | Rumunia | Ukraina
32%

Rozkład punktacji

Percentyl według liczby udzielonych odpowiedzi

Procent ludzi z każdym wynikiem

Twoja historia wyników

Nie rozwiązałeś tego quizu